[Event "7eme open international de La Fere"]
[Site "La Fere (FRA)"]
[Date "2008.07.06"]
[Round "2.12"]
[White "Ninov, Nikolai"]
[Black "Defrance, Laurent"]
[Result "1-0"]
[WhiteElo "2515"]
[BlackElo "2167"]
[PlyCount "65"]
[EventDate "2008.??.??"]

1. e4 c6 2. d4 d5 3. Nc3 dxe4 4. Nxe4 Bf5 5. Ng3 Bg6 6. h4 h6 7. f4 e6 8. Nf3
Nd7 9. h5 Bh7 10. Bd3 Bxd3 11. Qxd3 Qc7 12. Bd2 O-O-O 13. Qe2 c5 14. Ne5 Nb6
15. dxc5 Bxc5 16. Ne4 Bd6 17. Nxd6+ Rxd6 18. c4 Rd8 19. a4 Kb8 20. a5 Nc8 21.
a6 Nf6 22. Qf3 Rd4 23. Ba5 Nb6 24. O-O Ne4 25. Bc3 Nxc3 26. bxc3 Rd6 27. Qxb7+
Qxb7 28. axb7 Rd2 29. c5 Nd5 30. Nxf7 Rf8 31. Nd6 Nxf4 32. Rxa7 Kc7 33. b8=Q+
1-0

[Event "7eme open international de La Fere"]
[Site "La Fere (FRA)"]
[Date "2008.07.06"]
[Round "2.14"]
[White "Lamerant, Olivier"]
[Black "Vorobyov, Yrij"]
[Result "0-1"]
[WhiteElo "2090"]
[BlackElo "2247"]
[PlyCount "52"]
[EventDate "2008.??.??"]

1. e4 c5 2. Nf3 a6 3. a4 Nc6 4. d4 cxd4 5. Nxd4 Nf6 6. Nc3 e5 7. Nb3 Bb4 8. Bd3
d5 9. exd5 Nxd5 10. Bd2 Nxc3 11. bxc3 Bd6 12. Qh5 g6 13. Qh6 Bf8 14. Qe3 Bg7
15. O-O O-O 16. f4 exf4 17. Qxf4 Ne5 18. Be2 Be6 19. Be3 Rc8 20. Nc5 Qe7 21.
Qb4 Rc7 22. Rab1 Nc6 23. Qb6 Ba2 24. Nxb7 Bxb1 25. Rxb1 Rxb7 26. Qxb7 Qxe3+ 0-1

[Event "7eme open international de La Fere"]
[Site "La Fere (FRA)"]
[Date "2008.07.06"]
[Round "2.15"]
[White "Drenchev, Petar"]
[Black "Ben Porat, Zeev"]
[Result "1-0"]
[WhiteElo "2450"]
[BlackElo "2008"]
[PlyCount "75"]
[EventDate "2008.??.??"]

1. c4 f5 2. g3 Nf6 3. Bg2 e6 4. Nf3 Be7 5. O-O O-O 6. d4 d6 7. Nc3 Qe8 8. Re1
Qg6 9. b3 Ne4 10. Bb2 Nd7 11. Nd2 Nxc3 12. Bxc3 e5 13. Qc2 Bf6 14. e3 Rb8 15.
b4 b6 16. Qa4 e4 17. Qxa7 Bb7 18. Qa4 Qf7 19. Qb3 d5 20. Bf1 g5 21. cxd5 Bxd5
22. Qxd5 Qxd5 23. Bc4 c6 24. Rec1 f4 25. Bb2 Bd8 26. Nxe4 fxe3 27. fxe3 Re8 28.
Bxd5+ cxd5 29. Nc3 Rxe3 30. Re1 Rxe1+ 31. Rxe1 Nf6 32. Nd1 h6 33. Ne3 Rc8 34.
Kf1 Kf7 35. Ke2 h5 36. Kd3 Ne4 37. Nxd5 Nf2+ 38. Kd2 1-0

[Event "7eme open international de La Fere"]
[Site "La Fere (FRA)"]
[Date "2008.07.06"]
[Round "2.16"]
[White "Waquet, Frederic"]
[Black "Houriez, Clement"]
[Result "0-1"]
[WhiteElo "2004"]
[BlackElo "2276"]
[PlyCount "37"]
[EventDate "2008.??.??"]

1. d4 Nf6 2. c3 e6 3. Bg5 d5 4. e3 c5 5. Nd2 Nc6 6. f4 b6 7. Bd3 Bb7 8. Qf3 Be7
9. Nh3 h6 10. O-O hxg5 11. fxg5 Qd6 12. gxf6 Bxf6 13. e4 cxd4 14. Bb5 O-O-O 15.
Bxc6 Bxc6 16. Qd3 dxc3 17. bxc3 dxe4 18. Qa6+ Bb7 19. Qe2 0-1

[Event "7eme open international de La Fere"]
[Site "La Fere (FRA)"]
[Date "2008.07.06"]
[Round "2.17"]
[White "Lauridsen, Jesper Morch"]
[Black "Godart, Francois"]
[Result "1-0"]
[WhiteElo "2262"]
[BlackElo "1985"]
[PlyCount "107"]
[EventDate "2008.??.??"]

1. e4 c6 2. d4 d5 3. exd5 cxd5 4. c4 Nf6 5. Nc3 Be6 6. c5 Nc6 7. Nf3 g6 8. Bb5
Bg7 9. O-O O-O 10. Bxc6 bxc6 11. Ne5 Qc7 12. Re1 Rab8 13. Nd3 Rb7 14. Bf4 Qc8
15. Be5 Bf5 16. b3 Ne4 17. Nxe4 dxe4 18. Bxg7 Kxg7 19. Ne5 f6 20. Nc4 Rd8 21.
Qd2 Rbd7 22. Qc3 Rxd4 23. Nd6 R4xd6 24. cxd6 exd6 25. Rac1 d5 26. Qxc6 Qxc6 27.
Rxc6 d4 28. Rc7+ Kh6 29. Rd1 d3 30. h3 a5 31. Rc4 Re8 32. Rd4 e3 33. fxe3 Rxe3
34. Rd2 Re5 35. Rf2 Re6 36. Rd5 Ra6 37. Rf4 Kg7 38. g4 Be6 39. Rxd3 Rc6 40.
Rfd4 f5 41. Rd6 Rc1+ 42. Rd1 Rxd1+ 43. Rxd1 fxg4 44. hxg4 Kf6 45. Kf2 Bxg4 46.
Rd5 a4 47. Rd4 h5 48. Rxa4 Bf5 49. b4 Ke5 50. b5 Kd5 51. Ra6 Kc5 52. a4 h4 53.
Rc6+ Kd5 54. Rc1 1-0

[Event "7eme open international de La Fere"]
[Site "La Fere (FRA)"]
[Date "2008.07.06"]
[Round "2.25"]
[White "Delorme, Laurie"]
[Black "Marchal, Chantal"]
[Result "1-0"]
[WhiteElo "2155"]
[BlackElo "1878"]
[PlyCount "101"]
[EventDate "2008.??.??"]

1. d4 Nf6 2. c4 g6 3. Nc3 Bg7 4. Nf3 O-O 5. Bg5 h6 6. Bh4 d6 7. e3 c6 8. Be2
Qc7 9. Nd2 e5 10. d5 Nbd7 11. O-O a5 12. Bf3 Ra6 13. h3 Nc5 14. Qc2 Ne8 15. Be2
f5 16. f4 e4 17. Rac1 Ra7 18. b3 Na6 19. Na4 c5 20. Nb1 Qd7 21. Nbc3 Bxc3 22.
Nxc3 Qf7 23. Kh1 Kh7 24. Rg1 Nac7 25. Rcf1 b6 26. g4 Rb7 27. a4 Rg8 28. gxf5
gxf5 29. Rxg8 Kxg8 30. Rg1+ Kh7 31. Qb2 Bd7 32. Nd1 Rb8 33. Nf2 Ng7 34. Kh2 Rg8
35. Nh1 Nge8 36. Ng3 Ng7 37. Bf6 Bc8 38. Bd1 Nce8 39. Bd8 Nc7 40. Bf6 Nce8 41.
Bc3 Bd7 42. Qa1 Bc8 43. Bb2 Bd7 44. Qc1 Bc8 45. Qc3 Bd7 46. Nh1 Bc8 47. Qe1 Nf6
48. Qh4 Nfe8 49. Ng3 Nc7 50. Nh5 Nce8 51. Bxg7 1-0

[Event "7eme open international de La Fere"]
[Site "La Fere (FRA)"]
[Date "2008.07.06"]
[Round "2.27"]
[White "Vinckier, Delphine"]
[Black "Thomas, Olivier"]
[Result "0-1"]
[WhiteElo "1801"]
[BlackElo "2105"]
[PlyCount "80"]
[EventDate "2008.??.??"]

1. e4 c5 2. Nf3 Nc6 3. Bb5 e6 4. c3 Nge7 5. O-O a6 6. Ba4 b5 7. Bc2 Bb7 8. d4
cxd4 9. Nxd4 e5 10. Nf5 Nxf5 11. exf5 h5 12. f4 Bc5+ 13. Kh1 Kf8 14. b4 Be7 15.
Bb3 Bf6 16. Qd5 Qe8 17. fxe5 Bxe5 18. f6 Bxf6 19. Bg5 Nd8 20. Qd6+ Qe7 21. Bf4
Qxd6 22. Bxd6+ Kg8 23. a4 h4 24. h3 Rh6 25. Bf4 Rh5 26. axb5 axb5 27. Rxa8 Bxa8
28. Re1 Ne6 29. Bh2 Rf5 30. Kg1 Bc6 31. Re3 Rg5 32. Re2 g6 33. Kh1 Kg7 34. Kg1
Bd5 35. Bc2 Bc4 36. Re3 Bd8 37. Re5 Bb6+ 38. Kh1 Bd5 39. Rxg5 Nxg5 40. Nd2 Nxh3
0-1

[Event "7eme open international de La Fere"]
[Site "La Fere (FRA)"]
[Date "2008.07.06"]
[Round "2.30"]
[White "Rigolot, Lucie"]
[Black "Haast, Anne"]
[Result "0-1"]
[WhiteElo "1709"]
[BlackElo "2041"]
[PlyCount "90"]
[EventDate "2008.??.??"]

1. e4 e5 2. Nf3 Nc6 3. Bb5 a6 4. Ba4 Nf6 5. d3 b5 6. Bb3 Be7 7. Nbd2 d6 8. c3
Na5 9. Bc2 c5 10. Nf1 O-O 11. Ng3 Qc7 12. O-O d5 13. Qe2 dxe4 14. dxe4 Rd8 15.
b3 Nc6 16. Bb2 g6 17. Rac1 Ne8 18. Bb1 Be6 19. Bd3 f6 20. Ba1 Rd7 21. Rfd1 Rad8
22. Nf1 Na5 23. b4 Nc4 24. Ne3 Nxe3 25. fxe3 c4 26. Bc2 Nd6 27. a4 Qb7 28. Nd2
f5 29. exf5 Nxf5 30. Be4 Qb6 31. Bxf5 Bxf5 32. a5 Qa7 33. Nf1 Bg5 34. Rxd7 Rxd7
35. Re1 Rf7 36. Ng3 Bd3 37. Qd2 h5 38. Bb2 h4 39. Bc1 hxg3 40. hxg3 e4 41. Qd1
Qd7 42. Qd2 Qc7 43. Qd1 Qxg3 44. Qd2 Be7 45. Bb2 Bd6 0-1

[Event "7eme open international de La Fere"]
[Site "La Fere (FRA)"]
[Date "2008.07.06"]
[Round "2.32"]
[White "Vernede, Victor"]
[Black "Cozette, Michael"]
[Result "0-1"]
[WhiteElo "1700"]
[BlackElo "2026"]
[PlyCount "76"]
[EventDate "2008.??.??"]

1. d4 c5 2. d5 Nf6 3. c4 g6 4. Nc3 Bg7 5. Nf3 d6 6. e3 O-O 7. Bd3 Bg4 8. h3
Bxf3 9. Qxf3 Nbd7 10. Bc2 a6 11. a4 Ne5 12. Qe2 e6 13. O-O Rb8 14. a5 b6 15.
axb6 Qxb6 16. e4 Rfe8 17. Rb1 Qb4 18. Bd3 exd5 19. Na2 Qb3 20. Nc3 d4 21. Bc2
Qxc4 22. Qxc4 Nxc4 23. Nd5 Nxe4 24. Nc7 Re7 25. Bxe4 Rxe4 26. Nxa6 Rb6 27. Nc7
d3 28. Nd5 Rb8 29. Rd1 Be5 30. f3 Bd4+ 31. Kh2 Re2 32. Rxd3 Re1 33. b4 h5 34.
Rdb3 h4 35. Bg5 Rbe8 36. bxc5 Bg1+ 37. Kh1 Bf2+ 38. Kh2 Bg3# 0-1

[Event "7eme open international de La Fere"]
[Site "La Fere (FRA)"]
[Date "2008.07.06"]
[Round "2.33"]
[White "Ilan, Liad"]
[Black "Dumas, Victor"]
[Result "1-0"]
[WhiteElo "2013"]
[BlackElo "1756"]
[PlyCount "65"]
[EventDate "2008.??.??"]

1. e4 e5 2. Nf3 Nc6 3. Bb5 a6 4. Ba4 Nf6 5. O-O d6 6. c3 Bg4 7. h3 Bh5 8. Re1
Be7 9. d3 O-O 10. Nbd2 Nd7 11. Nf1 Nc5 12. Bc2 Ne6 13. Ng3 Bg6 14. d4 exd4 15.
cxd4 d5 16. Nf5 dxe4 17. Nxe7+ Nxe7 18. Bxe4 Bxe4 19. Rxe4 c6 20. Ng5 Nxg5 21.
Bxg5 f6 22. Qb3+ Nd5 23. Bd2 Qb6 24. Qc2 f5 25. Rh4 Rae8 26. Re1 g6 27. Re5 Qc7
28. Rxd5 Qe7 29. Re5 Qxh4 30. Qb3+ Kh8 31. Rxe8 Rxe8 32. Bc3 b5 33. Qf7 1-0

[Event "7eme open international de La Fere"]
[Site "La Fere (FRA)"]
[Date "2008.07.06"]
[Round "2.34"]
[White "Siauve, Julien"]
[Black "Regniez, Jeremy"]
[Result "0-1"]
[WhiteElo "1682"]
[BlackElo "1750"]
[PlyCount "58"]
[EventDate "2008.??.??"]

1. e4 e6 2. d4 a6 3. Be3 b5 4. Bd3 Bb7 5. Nd2 Nf6 6. Ne2 Be7 7. O-O O-O 8. Ng3
d6 9. f4 c5 10. c3 Nbd7 11. f5 Rc8 12. fxe6 fxe6 13. Nf3 h6 14. a3 Nb6 15. Qb1
Ng4 16. Bf2 Bh4 17. Be2 Nxf2 18. Nxh4 Qxh4 19. Rxf2 Rxf2 20. Kxf2 Qxh2 21. Qc2
Rf8+ 22. Bf3 Qh4 23. Rh1 Qg5 24. Rh5 Qe7 25. dxc5 dxc5 26. Qc1 Nd7 27. Qe3 Qd6
28. Rh1 Ne5 29. Rh3 Ng4+ 0-1

[Event "7eme open international de La Fere"]
[Site "La Fere (FRA)"]
[Date "2008.07.06"]
[Round "2.10"]
[White "Bensdorp, Marlies"]
[Black "Wirig, Anthony"]
[Result "1/2-1/2"]
[WhiteElo "2284"]
[BlackElo "2456"]
[PlyCount "62"]
[EventDate "2008.??.??"]

1. d4 Nf6 2. c4 e6 3. Nf3 Bb4+ 4. Bd2 a5 5. g3 d6 6. Bg2 Nbd7 7. O-O e5 8. Qc2
O-O 9. Rd1 Re8 10. Bg5 exd4 11. Nxd4 h6 12. Bf4 Qe7 13. a3 Bc5 14. Nc3 Bxd4 15.
Rxd4 Nc5 16. Rd2 a4 17. Re1 Nce4 18. Nxe4 Nxe4 19. Bxe4 Qxe4 20. Qxe4 Rxe4 21.
c5 dxc5 22. Rd8+ Kh7 23. Bxc7 b5 24. Bb6 Rc4 25. Red1 Ra6 26. R1d6 Bh3 27. f3
Rc2 28. Kf2 Be6 29. Bxc5 Rxd6 30. Bxd6 Bc4 31. Re8 Rxb2 1/2-1/2

[Event "7eme open international de La Fere"]
[Site "La Fere (FRA)"]
[Date "2008.07.06"]
[Round "2.18"]
[White "Jouneau, Quentin"]
[Black "Le Goff, Damien"]
[Result "1-0"]
[WhiteElo "1978"]
[BlackElo "2261"]
[PlyCount "53"]
[EventDate "2008.??.??"]

1. e4 d5 2. exd5 Qxd5 3. Nc3 Qa5 4. Bc4 Nf6 5. d4 Bf5 6. Nf3 c6 7. Bd2 e6 8.
Ne5 Qb6 9. Qe2 Qxd4 10. O-O-O Nbd7 11. Nf3 Qc5 12. Be3 Qa5 13. Nd4 Bg6 14. Bf4
Ba3 15. Kb1 Qb6 16. Bb3 Bc5 17. Nxe6 fxe6 18. Qxe6+ Kd8 19. Na4 Qb4 20. Bg5 Kc7
21. a3 Qe4 22. Nxc5 Nxc5 23. Qd6+ Kb6 24. Be3 Qf5 25. Rd4 Rad8 26. Rb4+ Ka5 27.
Qc7+ 1-0

[Event "7eme open international de La Fere"]
[Site "La Fere (FRA)"]
[Date "2008.07.06"]
[Round "2.19"]
[White "Soyez, Cyril"]
[Black "Pytel, Bozena"]
[Result "1-0"]
[WhiteElo "2254"]
[BlackElo "1966"]
[PlyCount "78"]
[EventDate "2008.??.??"]

1. c4 e5 2. g3 d6 3. Bg2 f5 4. Nc3 Nf6 5. b4 Be7 6. a4 c6 7. b5 Be6 8. Qb3 Qc7
9. Ba3 Nbd7 10. d3 O-O 11. Nf3 Kh8 12. O-O h6 13. Rfb1 Rab8 14. a5 Kh7 15. bxc6
bxc6 16. Qa4 Rxb1+ 17. Rxb1 Rb8 18. Nd2 Rxb1+ 19. Ndxb1 Nb8 20. e4 g5 21. exf5
Bxf5 22. Ne4 Nxe4 23. Bxe4 Bxe4 24. dxe4 Bd8 25. c5 dxc5 26. Qc4 Nd7 27. Qf7+
Kh8 28. Qg6 Nf6 29. Qxh6+ Qh7 30. Qf8+ Qg8 31. Qxc5 Nxe4 32. Qxe5+ Nf6 33. Be7
Bxe7 34. Qxe7 Qg6 35. Nc3 Qf5 36. Qxa7 c5 37. Qe7 Ng4 38. Ne4 c4 39. a6 Qf3 1-0

[Event "7eme open international de La Fere"]
[Site "La Fere (FRA)"]
[Date "2008.07.06"]
[Round "2.20"]
[White "Forthofer, Robert"]
[Black "Molet, Asher"]
[Result "1-0"]
[WhiteElo "2243"]
[BlackElo "1950"]
[PlyCount "75"]
[EventDate "2008.??.??"]

1. e4 c5 2. Nf3 Nc6 3. d4 cxd4 4. Nxd4 Nf6 5. Nc3 e5 6. Ndb5 d6 7. Bg5 a6 8.
Na3 b5 9. Bxf6 gxf6 10. Nd5 f5 11. c3 Bg7 12. exf5 Bxf5 13. Nc2 O-O 14. Nce3
Be6 15. Bd3 Ne7 16. Qh5 h6 17. Be4 Rc8 18. O-O Rc5 19. Rad1 Nxd5 20. Bxd5 Qe7
21. Kh1 Kh8 22. Nf5 Bxf5 23. Qxf5 Qg5 24. Qd7 Qd8 25. Qxd8 Rxd8 26. Bxf7 d5 27.
f4 d4 28. fxe5 Bxe5 29. Bb3 Rcc8 30. Rde1 Rc5 31. Rf5 Bd6 32. Rf6 dxc3 33. bxc3
Rxc3 34. Rd1 Rc6 35. Rxh6+ Kg7 36. Re6 Rb6 37. Rd5 Rf8 38. Rg5+ 1-0

[Event "7eme open international de La Fere"]
[Site "La Fere (FRA)"]
[Date "2008.07.06"]
[Round "2.21"]
[White "Demeestere, Laurent"]
[Black "Cappon, John"]
[Result "1/2-1/2"]
[WhiteElo "1941"]
[BlackElo "2221"]
[PlyCount "30"]
[EventDate "2008.??.??"]

1. e4 c5 2. Nf3 e6 3. d4 cxd4 4. Nxd4 a6 5. Nc3 Qc7 6. Bd3 Nc6 7. Be3 Nf6 8.
O-O Ne5 9. h3 Bc5 10. Kh1 d6 11. Qe1 b5 12. f4 Nxd3 13. cxd3 Qb6 14. Qf2 O-O
15. Rac1 e5 1/2-1/2

[Event "7eme open international de La Fere"]
[Site "La Fere (FRA)"]
[Date "2008.07.06"]
[Round "2.23"]
[White "Harnik, Cecilien"]
[Black "Demanghon, Jonathan"]
[Result "1/2-1/2"]
[WhiteElo "1871"]
[BlackElo "2213"]
[PlyCount "40"]
[EventDate "2008.??.??"]

1. e4 e6 2. d4 d5 3. e5 c5 4. c3 Nc6 5. Nf3 Bd7 6. Be2 Nge7 7. Na3 Ng6 8. Nc2
cxd4 9. cxd4 Be7 10. O-O O-O 11. Be3 f6 12. exf6 Bxf6 13. Bd3 Nh4 14. Nxh4 Bxh4
15. Qh5 g6 16. Bxg6 hxg6 17. Qxg6+ Kh8 18. Qh6+ Kg8 19. Qg6+ Kh8 20. Qh6+ Kg8
1/2-1/2

[Event "7eme open international de La Fere"]
[Site "La Fere (FRA)"]
[Date "2008.07.06"]
[Round "2.24"]
[White "Videnova, Iva"]
[Black "Boudier, Eric"]
[Result "1-0"]
[WhiteElo "2211"]
[BlackElo "1898"]
[PlyCount "53"]
[EventDate "2008.??.??"]

1. e4 d5 2. exd5 Nf6 3. Bb5+ Bd7 4. Bc4 Bg4 5. f3 Bf5 6. Nc3 Nbd7 7. Qe2 Nb6 8.
Bb3 a6 9. Qe5 Qd7 10. g4 Bg6 11. g5 Ng8 12. d3 f6 13. Qe6 Bf7 14. Qxd7+ Kxd7
15. Nge2 Rd8 16. Nd4 Kc8 17. Ne6 Bxe6 18. dxe6 h6 19. g6 f5 20. Be3 Nf6 21.
O-O-O Nbd5 22. Nxd5 Nxd5 23. Bxd5 Rxd5 24. d4 b5 25. c3 c6 26. Bf4 h5 27. h4
1-0

[Event "7eme open international de La Fere"]
[Site "La Fere (FRA)"]
[Date "2008.07.06"]
[Round "2.26"]
[White "Pijpers, Arthur"]
[Black "Delmotte, Eric"]
[Result "1-0"]
[WhiteElo "2150"]
[BlackElo "1833"]
[PlyCount "75"]
[EventDate "2008.??.??"]

1. e4 e5 2. Nf3 Nc6 3. Bb5 a6 4. Ba4 Nf6 5. O-O d6 6. Re1 Be7 7. c3 O-O 8. h3
b5 9. Bc2 Re8 10. d4 h6 11. Nbd2 Nh7 12. Nf1 Ng5 13. d5 Nb8 14. a4 bxa4 15.
Bxa4 Bd7 16. Ng3 Rf8 17. Bxd7 Nxd7 18. Nf5 Nxf3+ 19. Qxf3 Bg5 20. Qg4 Qf6 21.
Nxg7 Qxg7 22. Qxd7 f5 23. Qxg7+ Kxg7 24. Bxg5 hxg5 25. exf5 Rxf5 26. Re4 Rf4
27. f3 Kg6 28. Kf2 a5 29. Raa4 Rb8 30. b4 axb4 31. Rexb4 Rbxb4 32. Rxb4 Kf5 33.
Ke3 Rh4 34. Rxh4 gxh4 35. c4 Kf6 36. Kf2 Kf5 37. g3 hxg3+ 38. Kxg3 1-0

[Event "7eme open international de La Fere"]
[Site "La Fere (FRA)"]
[Date "2008.07.06"]
[Round "2.28"]
[White "Brobecker, Alain"]
[Black "Haast, Mark"]
[Result "0-1"]
[WhiteElo "1758"]
[BlackElo "2089"]
[PlyCount "50"]
[EventDate "2008.??.??"]

1. d3 b6 2. Nf3 Bb7 3. e4 c5 4. Nc3 g6 5. Be2 Bg7 6. Bf4 Nc6 7. Qc1 a6 8. Nd5
d6 9. Rb1 e6 10. Ne3 e5 11. Bg3 Nge7 12. Ng5 h6 13. Nh3 d5 14. exd5 Nxd5 15.
Bf3 Nd4 16. Ng1 f5 17. Nxd5 Bxd5 18. Bxd5 Qxd5 19. f3 Qxa2 20. Ne2 Nxe2 21.
Kxe2 O-O 22. Re1 e4 23. Bc7 Qd5 24. Qe3 Rae8 25. dxe4 fxe4 0-1

[Event "7eme open international de La Fere"]
[Site "La Fere (FRA)"]
[Date "2008.07.06"]
[Round "2.31"]
[White "Lecouteux, Guilhem"]
[Black "Pavillon, Guillaume"]
[Result "1-0"]
[WhiteElo "2027"]
[BlackElo "1797"]
[PlyCount "61"]
[EventDate "2008.??.??"]

1. d4 d5 2. c4 c6 3. Nf3 Nf6 4. e3 Bf5 5. Nc3 e6 6. Nh4 Bg4 7. Qb3 Qb6 8. h3
Bh5 9. g4 Bg6 10. Nxg6 hxg6 11. Bg2 Nbd7 12. Bd2 Bb4 13. c5 Qa5 14. a3 Bxc3 15.
Bxc3 Qc7 16. Qc2 b6 17. b4 bxc5 18. dxc5 e5 19. Rd1 Ng8 20. O-O Ne7 21. f4 f6
22. Bb2 a5 23. e4 dxe4 24. fxe5 Nxe5 25. Qxe4 Nf7 26. Rfe1 Ng5 27. Qxc6+ Qxc6
28. Bxc6+ Kf7 29. Bxa8 Nxh3+ 30. Kf1 Rxa8 31. Rd7 1-0

[Event "7eme open international de La Fere"]
[Site "La Fere (FRA)"]
[Date "2008.07.06"]
[Round "2.35"]
[White "Delboe, Charles"]
[Black "Gobeaut, Benjamin"]
[Result "1-0"]
[WhiteElo "1884"]
[BlackElo "1732"]
[PlyCount "75"]
[EventDate "2008.??.??"]

1. e4 e5 2. Nf3 Nc6 3. d4 exd4 4. Bc4 Qf6 5. O-O d6 6. h3 Ne5 7. Nbd2 Qg6 8.
Kh1 Be7 9. Re1 Bf6 10. Be2 Ne7 11. Nxd4 Ng4 12. Bxg4 Bxd4 13. Bxc8 Rxc8 14. Qe2
O-O 15. c3 Bb6 16. Nc4 Nc6 17. a4 a6 18. Nxb6 cxb6 19. Qe3 Rfe8 20. Qxb6 Re7
21. Bf4 Ne5 22. Bxe5 dxe5 23. Qxg6 hxg6 24. Red1 Kf8 25. Rd3 f5 26. Rf3 f4 27.
Rd3 Ke8 28. f3 Rd8 29. Rad1 Red7 30. Rxd7 Rxd7 31. Rxd7 Kxd7 32. h4 Kc6 33. b3
Kc7 34. Kh2 b5 35. axb5 axb5 36. Kh3 Kd6 37. Kg4 Ke6 38. Kg5 1-0

[Event "7eme open international de La Fere"]
[Site "La Fere (FRA)"]
[Date "2008.07.06"]
[Round "2.37"]
[White "Poulain, Andre"]
[Black "Chevance, Gerard"]
[Result "1/2-1/2"]
[WhiteElo "1835"]
[BlackElo "1690"]
[PlyCount "64"]
[EventDate "2008.??.??"]

1. e4 c6 2. d4 d5 3. exd5 cxd5 4. c4 Nf6 5. Nc3 Nc6 6. Nf3 e6 7. cxd5 exd5 8.
Bd3 Be7 9. O-O O-O 10. Re1 Bg4 11. Be3 a6 12. h3 Bh5 13. Bf5 Re8 14. Rc1 Bb4
15. a3 Bxc3 16. Rxc3 Ne4 17. Rd3 Nd6 18. Bxh7+ Kh8 19. g4 Kxh7 20. gxh5 Ne4 21.
Kh1 Qd7 22. Ng5+ Nxg5 23. Bxg5 Qf5 24. Rg1 Re4 25. Rf3 Qe6 26. Be3 Re8 27. Rfg3
Kh8 28. Rg4 Na5 29. Qf3 Rxg4 30. Rxg4 Qxg4 31. hxg4 Nc4 32. Bc1 Re4 1/2-1/2

[Event "7eme open international de La Fere"]
[Site "La Fere (FRA)"]
[Date "2008.07.06"]
[Round "2.38"]
[White "Casier, Fabrice"]
[Black "Regniez, Alexiane"]
[Result "1/2-1/2"]
[WhiteElo "1831"]
[BlackElo "1670"]
[PlyCount "54"]
[EventDate "2008.??.??"]

1. c4 c5 2. Nc3 g6 3. g3 Bg7 4. Bg2 Nf6 5. Nf3 d5 6. cxd5 Nxd5 7. Qb3 Nxc3 8.
bxc3 O-O 9. O-O Nc6 10. e3 Rb8 11. d4 cxd4 12. cxd4 Bf5 13. Ba3 Qd7 14. Rfe1
Bh3 15. Bh1 Rfc8 16. Rac1 Be6 17. Qb2 Na5 18. Nd2 Rc7 19. Rxc7 Qxc7 20. Rc1 Qd7
21. Qb4 b6 22. Qxe7 Qxe7 23. Bxe7 Bxa2 24. Rc7 a6 25. d5 Bf8 26. Bxf8 Kxf8 27.
d6 Rd8 1/2-1/2

[Event "7eme open international de La Fere"]
[Site "La Fere (FRA)"]
[Date "2008.07.06"]
[Round "2.40"]
[White "Feryn, Benjamin"]
[Black "Gonzalez Garcia, Pierre-Emmanuel"]
[Result "1-0"]
[WhiteElo "1918"]
[BlackElo "1643"]
[PlyCount "53"]
[EventDate "2008.??.??"]

1. e4 c6 2. d4 d5 3. Nc3 dxe4 4. Nxe4 Bf5 5. Ng3 Bg6 6. h4 h6 7. Nf3 Nf6 8. Bd3
Bxd3 9. Qxd3 Nbd7 10. Bd2 e6 11. O-O-O Qc7 12. Rhe1 O-O-O 13. Qb3 Nb6 14. Ba5
Rd5 15. Bxb6 Qxb6 16. Qxb6 axb6 17. Ne5 Bd6 18. Nxf7 Bxg3 19. Nxh8 Bxf2 20.
Rxe6 Bxh4 21. Kb1 Bf2 22. Re2 Ng4 23. Ng6 Rg5 24. Ne5 Ne3 25. Rc1 Rf5 26. Nd3
Nxg2 27. Rxf2 1-0

[Event "7eme open international de La Fere"]
[Site "La Fere (FRA)"]
[Date "2008.07.06"]
[Round "2.41"]
[White "Lepere, Corentin"]
[Black "Dutel, Francois"]
[Result "0-1"]
[WhiteElo "1640"]
[BlackElo "1871"]
[PlyCount "68"]
[EventDate "2008.??.??"]

1. c4 Nf6 2. Nc3 d6 3. g3 g6 4. Bg2 Bg7 5. e3 O-O 6. Nge2 c5 7. O-O Bf5 8. Bxb7
Nbd7 9. Bxa8 Qxa8 10. f3 Bh3 11. Rf2 Ne5 12. Nf4 Bd7 13. d3 g5 14. Nfd5 Nxd5
15. Nxd5 e6 16. Nc3 h5 17. Ne4 g4 18. fxg4 Nxg4 19. Rc2 Bh6 20. Qe2 Qc6 21. h3
f5 22. hxg4 fxe4 23. g5 Rf3 24. gxh6 exd3 25. Qxd3 Rxg3+ 26. Kf2 Qf3+ 27. Ke1
Rg1+ 28. Kd2 Rd1+ 29. Kc3 Qf6+ 30. Qd4 cxd4+ 31. Kb4 a5+ 32. Ka3 Qe5 33. Rg2+
Kf8 34. h7 Qc5+ 0-1

[Event "7eme open international de La Fere"]
[Site "La Fere (FRA)"]
[Date "2008.07.06"]
[Round "2.42"]
[White "Vereggen, Lars"]
[Black "Brelot, Loic"]
[Result "1-0"]
[WhiteElo "1616"]
[BlackElo "1848"]
[PlyCount "71"]
[EventDate "2008.??.??"]

1. e4 c6 2. d4 d5 3. Nc3 dxe4 4. Nxe4 Bf5 5. Ng3 Bg6 6. Nf3 Nd7 7. c3 Ngf6 8.
h4 h6 9. Bc4 e6 10. Bf4 Be7 11. Bb3 Qa5 12. Qd2 O-O 13. h5 Bh7 14. Bc2 Bxc2 15.
Qxc2 Rfd8 16. Ne2 Qb6 17. g4 Nxg4 18. Rg1 Ndf6 19. Ne5 Nxe5 20. dxe5 Nxh5 21.
Bxh6 g6 22. Rxg6+ fxg6 23. Qxg6+ Kh8 24. Qxh5 Qb5 25. Bf8+ Kg8 26. Bxe7 Qd3 27.
Qg5+ Kf7 28. Qf6+ Kg8 29. Qxe6+ Kh7 30. Qf7+ Kh6 31. Bf6 Rg8 32. Qe6 Rg6 33.
Rd1 Qf3 34. Rd4 Rg2 35. Rh4+ Kg6 36. Nf4+ 1-0

[Event "7eme open international de La Fere"]
[Site "La Fere (FRA)"]
[Date "2008.07.06"]
[Round "2.43"]
[White "Adelise, Theo"]
[Black "Godart, Michel"]
[Result "0-1"]
[WhiteElo "1600"]
[BlackElo "1820"]
[PlyCount "80"]
[EventDate "2008.??.??"]

1. e4 c6 2. d4 d5 3. Nc3 dxe4 4. Nxe4 Bf5 5. f3 e6 6. c3 Bxe4 7. fxe4 Qh4+ 8.
Kd2 Qxe4 9. Nf3 Nf6 10. Bd3 Qf4+ 11. Ke1 Qc7 12. Ne5 Nbd7 13. Bf4 Bd6 14. Nxd7
Qxd7 15. Bxd6 Qxd6 16. Qe2 O-O-O 17. g3 Rhe8 18. Rd1 Kb8 19. Kf1 Qd5 20. Kf2 e5
21. Bc4 Qe4 22. Qxe4 Nxe4+ 23. Kg2 exd4 24. Rxd4 Rxd4 25. cxd4 Rd8 26. Rd1 f5
27. d5 Kc7 28. Kf3 Nf6 29. Kf4 cxd5 30. Bb3 g6 31. Kg5 Rd6 32. Rc1+ Kd8 33. Rd1
d4 34. Bc2 Ng4 35. Kf4 Ne3 36. Rd2 Nc4 37. Rd1 Nxb2 38. Rb1 Rb6 39. Ke5 d3 40.
Bd1 Nc4+ 0-1

[Event "7eme open international de La Fere"]
[Site "La Fere (FRA)"]
[Date "2008.07.06"]
[Round "2.44"]
[White "Cheriet, Salim"]
[Black "Durot, Edwige"]
[Result "0-1"]
[WhiteElo "1590"]
[BlackElo "1793"]
[PlyCount "54"]
[EventDate "2008.??.??"]

1. e4 c5 2. Nf3 e6 3. d4 cxd4 4. Nxd4 a6 5. Bd3 Nc6 6. Nxc6 dxc6 7. O-O e5 8.
Nd2 Nf6 9. Nc4 Qc7 10. Be3 b5 11. Nd2 Ng4 12. Bg5 Be7 13. Bxe7 Qxe7 14. h3 Nf6
15. c4 O-O 16. Rc1 Rd8 17. Qf3 Be6 18. cxb5 cxb5 19. a3 Qd6 20. Rc3 Rac8 21.
Rfc1 Rxc3 22. Rxc3 a5 23. b4 axb4 24. axb4 Qxb4 25. Nb1 Ba2 26. Bc2 Bxb1 27.
Rb3 Qe1+ 0-1

[Event "7eme open international de La Fere"]
[Site "La Fere (FRA)"]
[Date "2008.07.06"]
[Round "2.45"]
[White "Christophe, Jean-Francois"]
[Black "Rouffignac, Tanguy"]
[Result "1-0"]
[WhiteElo "1780"]
[BlackElo "1640"]
[PlyCount "67"]
[EventDate "2008.??.??"]

1. d4 d5 2. c4 e6 3. Nc3 Be7 4. Bf4 Nf6 5. e3 c5 6. Nf3 O-O 7. Qb3 Nc6 8. cxd5
Na5 9. Qc2 Nxd5 10. Nxd5 Qxd5 11. e4 Qc6 12. Rc1 cxd4 13. Nxd4 Bb4+ 14. Ke2 Qd7
15. Ke3 Rd8 16. Qd3 b6 17. Be2 Bc5 18. Rhd1 Bb7 19. b4 Ba6 20. Qxa6 Bxd4+ 21.
Kf3 Nb7 22. Rc7 Qe8 23. Rxb7 f5 24. Kg3 Qg6+ 25. Kh3 e5 26. Bc1 f4 27. g3 Qxe4
28. Qc4+ Kh8 29. Qf7 Rg8 30. Bd3 Qf3 31. Qf5 e4 32. Bxe4 g6 33. Bxf3 gxf5 34.
Rxd4 1-0